مصر والسودان : (Record no. 13910)

MARC details
000 -الفاتح
حقل البيانات ثابتة الطول 01437nam a2200289 i 4500
003 - محدد رقم الضبط
رقم الضبط EG-ScBUE
005 - وقت وتاريخ اخر تعامل مع التسجيلة
رقم الضبط 20240708091923.0
008 - عناصر البيانات ثابتة الطول - معلومات عامة
حقل البيانات ثابتة الطول 100419s1963 ua b f b 001 0 ara d
040 ## - مصدر الفهرسة
وكالة الفهرسة الأصلية EG-ScBUE
لغة الفهرسة ara
قواعد الوصف rda
وكالة النسخ EG-ScBUE
وكالة التعديل EG-ScBUE
043 ## - رمز المنطقة الجغرافية
رمز المنطقة الجغرافية f-ua---
-- f-su---
082 04 - رقم تصنيف ديوى العشرى
رقم الطبعة 22
رقم التصنيف 962.4
رقم المادة ش ك ر
100 1# - المدخل الرئيسى - إسم شخصى
9 (RLIN) 13606
الإسم الشخصى شكري، محمد فؤاد،
التواريخ المصاحبة للاسم -1963‏،
الدور مؤلف.
245 10 - بيان العنوان
العنوان مصر والسودان :
بقية العنوان تاريخ وحدة وادي النيل السياسية في القرن التاسع عشر 1820-1899 /
بيان المسئوليه,etc تأليف دكتور محمد فؤاد شكري، أستاذ التاريخ الحديث بجامعة القاهرة.
250 ## - بيان الطبعة
بيان الطبعة الطبعة الثالثة.
264 #1 - النشر، التوزيع
مكان الناشر او الموزع [القاهرة] :
اسم الناشر او الموزع دار المعارف،
تاريخ النشر أو التوزيع 1963.
300 ## - الوصف المادى
التعداد 571 صفحة :
تفاصيل ماديه اخرى للوعاء خرائط ؛
أبعاد الوعاء 24 سم.
336 ## - نوع المحتوى
source rdacontent
Carrier Type Term نص
Content Type Code txt
337 ## - نوع الوسيط
Media Type Term بدون وسيط
source rdamedia
Media Type Code n
338 ## - نوع الحامل أو الناقل
Carrier Type Term مجلد
Carrier Type Code nc
source rdacarrier
490 0# - بيان السلسلة
عنوان السلسلة مكتبة الدراسات التاريخية
504 ## - تبصرة ببليوجرافية
تبصرة ببليوجرافية,الخ يشتمل على إرجاعات ببليوجرافية وكشاف.
651 #7 - المدخل الاضافى بالموضوع - اسم جغرافى
9 (RLIN) 13382
الاسم الجغرافي مصر
التقسيم الفرعي العام تاريخ
التقسيم الفرعي الزمني العصر الحديث
-- عصر محمد علي 1805-1849.
مصدر الرأس أو المصطلح BUEsh
651 #7 - المدخل الاضافى بالموضوع - اسم جغرافى
9 (RLIN) 11380
الاسم الجغرافي مصر
التقسيم الفرعي العام تاريخ
التقسيم الفرعي الزمني العصر الحديث
-- الاحتلال البريطاني 1882-1956.
مصدر الرأس أو المصطلح BUEsh
651 #7 - المدخل الاضافى بالموضوع - اسم جغرافى
9 (RLIN) 13607
الاسم الجغرافي السودان
التقسيم الفرعي العام تاريخ
التقسيم الفرعي الزمني العصر الحديث.
مصدر الرأس أو المصطلح BUEsh
655 ## - مصطلح تكشيفى-نوع/شكل
التقسيم الفرعي الشكلي Reading book
942 ## - عناصر المدخل الإضافي( كوها)
مصدر التصنيف او مخطط الترفيف Dewey Decimal Classification
Koha [default] item type Book - Borrowing
Holdings
حالة التراجع حالة الفقد مصدر التصنيف او خطة الترفيف حالة تلف ليس للاعارة مجموعات كوها المكان الدائم المكان الحالي موقع الترفيف تاريخ الاكتساب Source of acquisition رقم الاستدعاء الباركود Date last seen نوع الوعاء
    Dewey Decimal Classification     Alef-Baa Central Library Central Library Second Floor 19/04/2010 Purchase 962.4 ش ك ر 000020677 15/07/2025 Book - Borrowing